Score 0/10 Timer 05:00
0 Plays Today
Leprechaun % Correct
Lucky
98%
Notre Dame Leprechaun
38.4%
King Brian Connors
24.8%
Seamus McTiernan
21.5%
O'Pat
17.9%
Og
17.6%
Crichton Leprechaun
16.6%
O'Mike
16.3%
Shado
16.3%
Blarney Kilakilarney
12.1%
Remove Ads.
Support Sporcle.
Get the best of Sporcle when you Go Orange. This ad-free experience offers more features, more stats, and more fun while also helping to support Sporcle. Thank you for becoming a member.

You're not logged in!

Compare scores with friends on all Sporcle quizzes.
OR
Log In

Show Comments

Extras

Created Nov 27, 2020ReportNominate
Tags:St Patrick's Day Quiz

Top Quizzes Today


Score Distribution

Your Account Isn't Verified!

In order to create a playlist on Sporcle, you need to verify the email address you used during registration. Go to your Sporcle Settings to finish the process.

Report this User

Report this user for behavior that violates our Community Guidelines.

Details: